000 00613nam a2200181Ia 4500
003 IN-BaIIA
008 211028s9999 xx 000 0 eng d
040 _cIIA Library
080 _a624(035)
_bKHA
100 _aKhanna, P. N
_932847
245 0 _aIndian practical civil engineers' handbook
_ban encyclopaedia of technical information
_cP. N Khanna
260 _aNew Delhi
_bEngineers Publishers
_c2008
300 _a[various pagings.]
650 _aCivil engineering
_95496
650 _aCivil engineers' handbook
_932848
650 _aEncyclopaedia
942 _cBK
999 _c17406
_d17406